عرض عادي
عرض مارك
- Operating systems (Computers)
مدخل مصطلح موضوعي
001 - رقم الضبط
- حقل الضبط: 48368
003 - معرف رقم الضبط
- حقل الضبط: OSt
005 - تاريخ ووقت أخر عملية
- حقل الضبط: 20150712023755.0
008 - عناصر بيانات ثابتة الطول
- حقل تحكم ثابت الطول: 150712|| aca||aabn | a|a d
040 ## - مصدر الفهرسة
- هيئة الفهرسة الأصلية: OSt
- وكالة الكتابة: OSt
150 ## - مدخل-- مصطلح تاريخي
- عنصر مدخل المصطلح الموضوعي او الاسم الجغرافي: Operating systems (Computers)
670 ## - بيانات المصدر موجوده
- الاستشهاد بالمصدر: Work cat.: (OSt)0: Ray, Deborah S., 48362, Unix and Linux /, 2015.
